Business data communications / (رقم التسجيلة. 17523)

تفاصيل مارك
000 -الفاتح
حقل البيانات ثابتة الطول 01065cam a22003014a 4500
001 - رقم الضبط
رقم الضبط 12834493
003 - محدد رقم الضبط
رقم الضبط OSt
005 - وقت وتاريخ اخر تعامل مع التسجيلة
رقم الضبط 20150408113939.0
008 - عناصر البيانات ثابتة الطول - معلومات عامة
حقل البيانات ثابتة الطول 020627s2003 maua 001 0 eng
010 ## - رقم ضبط مكتبة الكونجرس
رقم ضبط مكتبة الكونجرس 2002026444
020 ## - الرقم الدولى المعيارى للكتب
الرقم الدولى المعيارى للكتاب 0072397020
020 ## - الرقم الدولى المعيارى للكتب
الرقم الدولى المعيارى للكتاب 0071121943
040 ## - مصدر الفهرسة
وكالة الفهرسة الأصلية DLC
وكالة النسخ DLC
وكالة التعديل DLC
042 ## - رمز التحقق
رمز التحقق pcc
050 00 - رقم طلب مكتبة الكونجرس
رقم التصنيف HD30.37
رقم المادة .F673 2003
082 00 - رقم تصنيف ديوى العشرى
رقم التصنيف 004.6
رقم الطبعة 21
100 1# - المدخل الرئيسى - إسم شخصى
الإسم الشخصى Forouzan, Behrouz A.
9 (RLIN) 4862
245 10 - بيان العنوان
العنوان Business data communications /
بيان المسئوليه,etc Behrouz A. Forouzan.
260 ## - PUBLICATION, DISTRIBUTION, ETC. (IMPRINT)
مكان الناشر او الموزع Boston, Mass. :
اسم الناشر او الموزع McGraw-Hill,
تاريخ النشر أو التوزيع c2003.
300 ## - الوصف المادى
التعداد xxiii, 407 p. :
تفاصيل ماديه اخرى للوعاء ill. ;
أبعاد الوعاء 24 cm.
440 #0 - بيان السلسلة/مدخل إضافى-العنوان
العنوان McGraw-Hill Forouzan networking series
9 (RLIN) 4863
500 ## - تبصرة عامة
تبصرة عامة Includes index.
650 #0 - المدخل الاضافى بالموضوع-مصطلح موضوعى
مصطلح موضوعي أو اسم جغرافي كعنصر مدخل Business enterprises
التقسيم الفرعي العام Computer networks.
9 (RLIN) 5730
856 42 - الوصول و الموقع الالكترونى
مواد محددة Publisher description
معرف المصدر الموحد <a href="http://www.loc.gov/catdir/description/mh024/2002026444.html">http://www.loc.gov/catdir/description/mh024/2002026444.html</a>
856 41 - الوصول و الموقع الالكترونى
مواد محددة Table of contents
معرف المصدر الموحد <a href="http://www.loc.gov/catdir/toc/mh023/2002026444.html">http://www.loc.gov/catdir/toc/mh023/2002026444.html</a>
942 ## - عناصر المدخل الإضافي( كوها)
مصدر التصنيف او مخطط الترفيف Dewey Decimal Classification
Koha [default] item type كتاب
المقتنيات
حالة الفقد نموذج السعر الفعال حالة تلف ليس للاعارة رقم الطلب تاريخ الاكتساب الموقع الحالي الباركود الفرع الرئيسي Date last seen نوع المادة فى نظام كوها مصدر التصنيف او خطة الترفيف Total Checkouts
  2013-03-10     004.6 F B B 2011-10-27 المكتبة المركزية بالمجمعة (CL) 00047574 المكتبة المركزية بالمجمعة (CL) 2013-03-10 كتاب Dewey Decimal Classification  
  2013-03-10     004.6 F B B 2011-10-27 المكتبة المركزية بالمجمعة (CL) 00047575 المكتبة المركزية بالمجمعة (CL) 2013-03-10 كتاب Dewey Decimal Classification  
  2013-03-10     004.6 F B B 2011-10-27 المكتبة المركزية بالمجمعة (CL) 00047576 المكتبة المركزية بالمجمعة (CL) 2013-03-10 كتاب Dewey Decimal Classification